| 000 | 01356cam a2200373Li 4500 | ||
|---|---|---|---|
| 001 | 96956 | ||
| 005 | 20230410143110.0 | ||
| 008 | 090609s2009 fr 000 0 fre d | ||
| 035 | _a(OCoLC)ocn470615106 | ||
| 040 |
_aBDF _encafnor _bfre _cBDF |
||
| 016 | 7 |
_aFRBNF414969360000009 _2FrPBN |
|
| 020 | _a9782707616401 (br) | ||
| 020 | _a2707616400 (br) | ||
| 035 | _a(OCoLC)470615106 | ||
| 082 | 1 | 4 |
_a302.23 _222 |
| 050 | 1 | 4 | _abB191m 2009 |
| 049 | _aGRAL | ||
| 100 | 1 |
_aBalle, Francis, _d1939-.... _4aut |
|
| 245 | 1 | 0 |
_aMédias et sociétés : _bédition, presse, cinéma, radio, télévision, Internet / _cFrancis Balle,... |
| 246 | 0 | 4 | _aMédias & sociétés |
| 250 | _a14e éd. | ||
| 260 |
_aParis : _bMontchrestien-Lextenso éd., _cDL 2009 _e(46-Mercuáes : _fImpr. CPI France Quercy) |
||
| 300 |
_a1 vol. (832 p.) : _bill., couv. ill. en coul. ; _c22 cm. |
||
| 490 | 0 | _aDomat politique | |
| 500 | _aBibliogr. p. 797-802. Index. | ||
| 650 | 7 |
_aMédias _xAspect social _y1990-.... _2ram |
|
| 760 | 0 |
_tDomat politique, _d2009 _x0986-5225 _w(FrPBN)34247323 |
|
| 856 | 4 | 2 |
_3Notice et cote du catalogue de la Bibliotháeque nationale de France _uhttp://catalogue.bnf.fr/ark:/12148/cb414969363 |
| 886 | 1 |
_2intermrc _a009 _ba--d--------------- |
|
| 886 | 2 |
_2intermrc _a680 _b0- _a300 _b300 |
|
| 942 |
_2lcc _cbk |
||
| 946 | _amjcruz | ||
| 994 |
_aC0 _bDRFGD |
||
| 999 |
_c95713 _d95713 |
||